000 00606nam a22002177a 4500
003 UA-OsUOA
001 93253
007 ta
008 20130116b un ||||| |||| 00| 0 ukr d
090 _a821.161.1
942 _cBK
040 _aUA-OsUOA
_brus
_cUA-OsUOA
_dUA-OsUOA
245 _aВозвращенная драгоценность
_bкитайские повести 17 века
300 _a271 с.
955 _a3
041 _arus
080 _a821.161.1
260 _aМ.
_bНаука
_c1986
650 7 _a82 Література. Літературознавство
_2UDC
999 _c379468
_d379468